Culture générale - Quiz #18 - Statistiques

Statistiques générales
  • Ce quiz a été pris 64 685 fois
  • Le résultat moyen est 12 sur 20
Statistiques - réponses
Question Réponse % Correct
Quel était le prénom du célèbre peintre Picasso ? Pablo
95%
Luke, qui est ton père ? Dark Vador
93%
Quels animaux, cousins des lézards, sont connus pour leur capacité à changer de couleur ? Les caméléons
89%
Quelle est la monnaie officielle du Japon ? Le yen
87%
Quelle est la traduction du mot espagnol "corazón" ? Cœur
81%
Dans quel film d'animation peut-on voir deux chiens partager un plat de spaghetti ? La Belle et le Clochard
80%
Quel pays insulaire se trouve au large de la pointe sud-est de l'Inde ? Sri Lanka
73%
Quelle chanteuse française fut la compagne de Johnny Depp pendant 14 ans ? Vanessa Paradis
73%
Quelle marque automobile commercialise les modèles Polo et Golf ? Volkswagen
71%
Au poker, quel nom porte une main formée de quatre cartes d'un même rang ? Un carré
69%
Quel célèbre chanteur est né sous le nom de Jean-Philippe Smet ? Johnny Hallyday
65%
Quelle ville française est surnommée la « cité des papes » ? Avignon
59%
IPA, Stout ou lambic sont des types de... Bières
55%
Avec qui la reine Guenièvre, épouse du roi Arthur, a-t-elle eu une relation adultèrine ? Lancelot du Lac
47%
Poudlard n'est pas la seule école de sorcellerie dans la saga Harry Potter. Quel est le nom de celle située en France ? Beauxbâtons
42%
Avec quel pays le Royaume-Uni a-t-il été en conflit au sujet des îles Malouines ? L'Argentine
41%
Quel est le pluriel d'un quantum ? Quanta
41%
Qui était le principal compagnon de Robin des Bois ? Petit Jean
37%
De quel alphabet sont issues les lettres Aleph et Gimel ? Hébreu
26%
De quel pays les frères siamois Chang et Eng Bunker étaient-ils originaires ? De Thaïlande
24%
Aucun quiz correspondant
Distribution des résultats
% des personnes avec chaque résultat
Percentile par nombre de réponses
Votre historique - résultats
Vous n’avez pas pris ce quiz